01378nam a2200337 a 4500001001000000003000500010005001700015008004100032010001100073011001100084040000900095090001000104100004700114245014400161260004100305500006000346502010900406590004100515590004000556590004000596650004500636650003800681650005400719650004100773856007000814901000700884942001000891942000600901999001900907952011400926000116325CHAP20220329144610.0191209s2019 mx a |sm |||||||spa d a112786 a113758 cCHAP aTesis1 aGuzmán Olivera, Mirtha Josefina.913714810aIdentificación de la marchites del cuello de la sebolla (Allium cepa L.) y su manejoh[En línea]cpor Mirtha Josefina Guzmán Olivera. aChapingo, Méx. :bEl autor,c2019. aPara ver el contenido del material haga clic en la liga aTesis (Ing. Agr. Esp. en Parasitología Agrícola) -- UACH. Departamento de Parasitología Agrícola aBATCH-UPDb05c20191209lUCH01h1141 aE6339RRRb05c20191209lUCH01h1140 aE6339RRRb05c20191209lUCH01h114014aCebollaxEnfermedades por hongos.92076714aFungicidasxAplicación.912660414aHongos fitopatógenosxIdentificación.913172014aSclerotium rolfsiixControl.9133270 aFinding aiduhttp://10.13.5.2/tesis/sist116325.pdfzTeclea aquí aBK cTESIS n0 c112786d112786 00102local40718TESISaBCbBCd2019-12-09fTESISl0oTesisp116337-10r2019-12-31 00:00:00w2019-12-09yCD